000 00770nam a2200217Ii 4500
003 JO-AjNU
008 230605s9999||||xx |||||||||||||| ||und||
040 _aJO-AjNU
_bara
_erda
_cJO-AjNU
041 _aara
050 1 4 _aBP179 2011
100 3 _aقطاع الافتاء والبحوث الشرعية /الكويت,
_eauthor
_943705
245 0 0 _aفتاوى الصيام
250 _aط2
264 3 1 _aالكويت: وزارة الاوقاف و الشؤون الاسلامية، 2011
300 _a200ص
336 _atext
_btxt
_2rdacontent
337 _aunmediated
_bn
_2rdamedia
338 _avolume
_bnc
_2rdacarrier
490 0 _aالمختارات الموضوعية من الفتاوى الشرعية3
650 4 _aالصوم- فتاوى شرعية
_943706
999 _aA18808
_c22376
_d22376